000 00775nam a2200265Ia 4500
003 OSt
005 20220918183604.0
006 a|||||r|||| 00| 0
007 ta
008 220917b |||||||| |||| 00| 0 eng d
024 _a39,121
037 _cTextual
040 _aARTS
_cARTS
_beng
041 _2eng
_aeng
082 _aO15v2, 111K8
100 _aMax Muller F
_947914
245 0 _aHistory of ancient Sanskrit literature ed by Surendra Nath Shastri
260 _aVaranasi
_bChowkhamba Sanskrit Series Office
_c1968
300 _axxiv,525p.
_ccm.
490 _aChowkhamba Sanskrit studies; 15
500 _aAppendices 1-71p
650 _aENGLISH LITERATURE
942 _hO15v2, 111K8
_cTEXL
_2CC
999 _c173160
_d173160